[Event "3th Serbian Open 2023"]
[Site "Hotel Metropol, Serbia"]
[Date "2023.07.20"]
[Round "5.24"]
[White "Ince, Taylan Ruzgar"]
[Black "Atalik, Suat"]
[Result "0-1"]
[WhiteElo "2240"]
[BlackElo "2438"]
[PlyCount "97"]
[EventDate "2023.??.??"]

1. Nf3 e6 2. c4 d5 3. d4 Bb4+ 4. Bd2 a5 5. Qc2 Nf6 6. g3 dxc4 7. Bg2 c5 8. dxc5 Bxc5 9. Qxc4 Nbd7 10. Nc3 b6 11. Nd4 Ne5 12. Qa4+ Bd7 13. Ndb5 Rc8 14. O-O O-O 15. Bg5 h6 16. Bxf6 Qxf6 17. Qb3 Qe7 18. Rad1 Rfd8 19. a3 Be8 20. e3 f5 21. Rxd8 Rxd8 22. Nd4 Bf7 23. Nce2 Qe8 24. Qc3 a4 25. b4 axb3 26. Qxb3 Ng4 27. Qc3 Nf6 28. Qb2 Ne4 29. Nc3 Nxc3 30. Qxc3 Qa4 31. Nc6 Rd1 32. Ne5 Bh5 33. Qc4 Qxc4 34. Nxc4 Rd3 35. a4 Rc3 36. Ne5 Bd6 37. Nd7 Rb3 38. Bc6 Be2 39. Ra1 Bc7 40. Re1 Rc3 41. Bb7 Bd3 42. e4 f4 43. gxf4 Bxf4 44. Nxb6 Rb3 45. a5 Bc7 46. Rc1 Bxb6 47. axb6 Rxb6 48. Rc7 Rb1+ 49. Kg2 0-1

[Event "3th Serbian Open 2023"]
[Site "Hotel Metropol, Serbia"]
[Date "2023.07.20"]
[Round "5.25"]
[White "Mamatov, Melis"]
[Black "Stankovic, Boris"]
[Result "0-1"]
[WhiteElo "2403"]
[BlackElo "2221"]
[PlyCount "100"]
[EventDate "2023.??.??"]

1. e4 c5 2. Nf3 g6 3. h4 h5 4. Nc3 Bg7 5. Bc4 Nc6 6. d3 d6 7. Ng5 Nh6 8. Ne2 e6 9. c3 O-O 10. Bb3 b5 11. f3 a5 12. a4 bxa4 13. Bxa4 Ne5 14. d4 cxd4 15. cxd4 Nd7 16. Be3 d5 17. Qd2 dxe4 18. Nxe6 fxe6 19. Bxh6 exf3 20. gxf3 Bb7 21. Bg5 Nf6 22. Qd3 Qd6 23. Bf4 Qe7 24. Bg5 Qd6 25. Rg1 Nh7 26. Bd2 Bxf3 27. Rxg6 Qh2 28. Bh6 Ra7 29. Bxg7 Rxg7 30. Bc2 Rf5 31. Rxe6 Bxe2 32. Rxe2 Rf1+ 33. Kd2 Qf4+ 34. Kc3 Rf3 35. Re8+ Nf8 36. Bb3+ Kh8 37. Rxa5 Rc7+ 38. Rc5 Rxc5+ 39. dxc5 Qf6+ 40. Kc2 Rxd3 41. Kxd3 Qg6+ 42. Re4 Nd7 43. Kd4 Nxc5 44. Re3 Nxb3+ 45. Rxb3 Qg4+ 46. Kc5 Qxh4 47. Rb8+ Kg7 48. b4 Qg5+ 49. Kc6 h4 50. b5 h3 0-1

[Event "3th Serbian Open 2023"]
[Site "Hotel Metropol, Serbia"]
[Date "2023.07.20"]
[Round "5.26"]
[White "Ivanovic, Marko"]
[Black "Tadic, Stefan"]
[Result "0-1"]
[WhiteElo "2254"]
[BlackElo "2402"]
[PlyCount "120"]
[EventDate "2023.??.??"]

1. e4 e5 2. Nf3 Nc6 3. Nc3 Nf6 4. d4 exd4 5. Nxd4 Bb4 6. Nxc6 bxc6 7. Bd3 d5 8. exd5 cxd5 9. O-O O-O 10. Bg5 Be6 11. Qf3 h6 12. Bxf6 Qxf6 13. Qxf6 gxf6 14. Ne2 c5 15. b3 c4 16. bxc4 dxc4 17. Be4 Rad8 18. Ng3 Rd2 19. Nf5 h5 20. h4 Bxf5 21. Bxf5 Bc5 22. Rae1 Rfd8 23. Kh2 Bxf2 24. Re4 Bd4 25. Ree1 Be5+ 26. Kh3 R8d5 27. Re3 Ra5 28. a3 Kg7 29. Be4 c3 30. Rf5 Rxa3 31. Rxh5 Ra4 32. Bd3 Rd4 33. Bf5 Rf4 34. Rg3+ Kf8 35. Rh8+ Ke7 36. Bd3 Rd1 37. Re3 Rd4 38. g3 R4xd3 39. cxd3 Kd7 40. d4 Bxd4 41. Re2 Rd2 42. Ree8 Bb6 43. Re4 f5 44. Rc4 Bg1 45. g4 fxg4+ 46. Rxg4 Rd3+ 47. Kg2 Bd4 48. Rh5 c2 49. Rxd4+ Rxd4 50. Rc5 Rd2+ 51. Kg3 Ke7 52. h5 Kf6 53. Kg4 a5 54. h6 Kg6 55. Rc6+ f6 56. Kf4 a4 57. Ke3 Rh2 58. Kd3 a3 59. Rxc2 Rxc2 60. Kxc2 f5 0-1

[Event "3th Serbian Open 2023"]
[Site "Hotel Metropol, Serbia"]
[Date "2023.07.20"]
[Round "5.27"]
[White "Aswath, S."]
[Black "Djordjevic, Vuk"]
[Result "1/2-1/2"]
[WhiteElo "2251"]
[BlackElo "2385"]
[PlyCount "181"]
[EventDate "2023.??.??"]

1. e4 e6 2. d4 d5 3. Nd2 h6 4. Ngf3 Nf6 5. e5 Nfd7 6. Bd3 c5 7. c3 Nc6 8. O-O g5 9. g4 h5 10. h3 hxg4 11. hxg4 Qb6 12. dxc5 Qc7 13. Re1 Ncxe5 14. Nxe5 Nxe5 15. Bb5+ Bd7 16. Bxd7+ Nxd7 17. Nf1 Bxc5 18. Bxg5 Rg8 19. Qxd5 Be7 20. Bxe7 Rxg4+ 21. Ng3 Kxe7 22. Kf1 Nb6 23. Qh5 Qc4+ 24. Re2 Rag8 25. Rd1 R8g5 26. Qh6 Rd5 27. Rde1 Nd7 28. b3 Qd3 29. Kg2 Rdg5 30. Re3 Qd5+ 31. Kf1 Rg6 32. Qh7 Rf6 33. c4 Qg5 34. Kg2 Rh6 35. Qd3 Qh4 36. Kf1 Qh3+ 37. Ke2 Rf4 38. Rd1 Qg4+ 39. Ke1 e5 40. Rxe5+ Kd8 41. Rd5 Re6+ 42. Kd2 Re7 43. Kc1 Rf3 44. Qd2 Kc8 45. Nf5 Rxf5 46. Rxd7 Qxd1+ 47. Qxd1 Rxd7 48. Qe2 Rc5 49. Kb2 b6 50. Qe8+ Kc7 51. Kc3 Rf5 52. Qa8 a5 53. f3 Re5 54. Kb2 Re2+ 55. Ka3 Re5 56. Ka4 Rc5 57. Qa7+ Kc6 58. Qb8 Rc7 59. a3 Re5 60. Qa8+ Kd7 61. Qh8 Re6 62. Qa8 Ke7 63. Qh8 Rc5 64. Qh4+ Rf6 65. Qe4+ Kf8 66. Qh4 Rcf5 67. Qh3 Ke7 68. Qg3 Rf4 69. Qe1+ Kf8 70. Qe5 Rxf3 71. Qb8+ Kg7 72. Qe5 R3f5 73. Qg3+ Rg6 74. Qc3+ Kg8 75. Qd3 Re5 76. Qd8+ Kg7 77. Qd4 Rge6 78. Qg4+ Kf8 79. Qh3 Rc5 80. Qh8+ Ke7 81. Qh4+ Kd7 82. Qh7 Rf6 83. Qh4 Rg6 84. Qd4+ Rd6 85. Qg7 Ke7 86. Qh8 Rdc6 87. Qh4+ Kd7 88. Qh7 Rf6 89. Qh3+ Kc7 90. Qe3 Rd6 91. Qe8 1/2-1/2

[Event "3th Serbian Open 2023"]
[Site "Hotel Metropol, Serbia"]
[Date "2023.07.20"]
[Round "5.28"]
[White "Uskov, Artem"]
[Black "Chubakov, Sultan"]
[Result "1-0"]
[WhiteElo "2371"]
[BlackElo "2205"]
[PlyCount "85"]
[EventDate "2023.??.??"]

1. e4 e5 2. Nf3 Nf6 3. Nxe5 d6 4. Nf3 Nxe4 5. d4 d5 6. Bd3 Bd6 7. O-O O-O 8. c4 c6 9. Nc3 Nxc3 10. bxc3 Bg4 11. c5 Bc7 12. h3 Bh5 13. Re1 Nd7 14. Bg5 Qc8 15. Bf5 Bg6 16. Nh4 Bd8 17. Qg4 Bxf5 18. Nxf5 Nf6 19. Qf3 Ne4 20. Bh6 Ng5 21. Bxg5 Bxg5 22. Re7 b6 23. Nd6 Qd8 24. Rxf7 Be7 25. Rxf8+ Qxf8 26. Qg4 Qf6 27. Qd7 Rf8 28. Qxc6 Qxf2+ 29. Kh1 bxc5 30. Qxd5+ Kh8 31. dxc5 Bh4 32. Qd4 Qb2 33. Rd1 Bf6 34. Qd5 h6 35. c6 Qxc3 36. Rf1 Qc2 37. Qe6 Qd3 38. Rf3 Qd1+ 39. Kh2 Qd4 40. Nf7+ Rxf7 41. Qxf7 Qe5+ 42. Rg3 Qc5 43. c7 1-0

[Event "3th Serbian Open 2023"]
[Site "Hotel Metropol, Serbia"]
[Date "2023.07.20"]
[Round "5.29"]
[White "Harshad, S."]
[Black "Shohat, Yotam"]
[Result "1-0"]
[WhiteElo "2222"]
[BlackElo "2363"]
[PlyCount "105"]
[EventDate "2023.??.??"]

1. e4 c5 2. Nf3 d6 3. d4 cxd4 4. Nxd4 Nf6 5. Nc3 a6 6. h3 g6 7. Be3 Bg7 8. Qd2 O-O 9. f3 b5 10. O-O-O Bb7 11. h4 b4 12. Nce2 Qa5 13. Kb1 h5 14. Bh6 Nbd7 15. g4 Bh8 16. Bxf8 Kxf8 17. Ng3 Rc8 18. gxh5 Nxh5 19. Nxh5 Qxh5 20. Bh3 Rc4 21. Qg5 Nb6 22. Qxh5 gxh5 23. Ne2 Rc5 24. b3 a5 25. Nf4 Bc3 26. Bf1 Bf6 27. Bg2 Bc3 28. Nd3 Rc7 29. f4 f5 30. Nf2 Nd7 31. Rh2 Nf6 32. exf5 Bc8 33. Be4 Rc5 34. Rg2 Bxf5 35. Bd3 Bxd3 36. Nxd3 Rc7 37. Rg5 Ra7 38. Nb2 Ne4 39. Rxh5 Bf6 40. Na4 Kf7 41. Rg1 Nd2+ 42. Kc1 Nf3 43. Rg4 Ra6 44. Kd1 Ke6 45. Ke2 Nd4+ 46. Kd3 Nf5 47. c4 bxc3 48. Nxc3 d5 49. Rg2 Bxc3 50. Kxc3 Rc6+ 51. Kd3 Rc1 52. Rgg5 Nd6 53. Re5+ 1-0

[Event "3th Serbian Open 2023"]
[Site "Hotel Metropol, Serbia"]
[Date "2023.07.20"]
[Round "5.30"]
[White "Kalogridis, Antonios"]
[Black "Sharma, Dinesh K."]
[Result "1/2-1/2"]
[WhiteElo "2328"]
[BlackElo "2182"]
[PlyCount "118"]
[EventDate "2023.??.??"]

1. d4 d5 2. c4 c6 3. Nf3 Nf6 4. Nc3 e6 5. Bg5 dxc4 6. e4 b5 7. e5 h6 8. Bh4 g5 9. Nxg5 hxg5 10. Bxg5 Be7 11. exf6 Bxf6 12. Be3 Na6 13. a4 Nc7 14. Qf3 Bd7 15. Be2 a6 16. Ne4 Nd5 17. Nxf6+ Qxf6 18. Qxf6 Nxf6 19. Bf4 Nd5 20. Bd6 f6 21. h4 Kf7 22. g3 Nb6 23. a5 Nd5 24. O-O-O Be8 25. h5 Rd8 26. Bc5 Kg7 27. Kc2 Bf7 28. b3 cxb3+ 29. Kxb3 f5 30. Kb2 Nf6 31. Be7 Rd7 32. h6+ Kg6 33. Bxf6 Kxf6 34. Rh4 Kg6 35. Rdh1 Kf6 36. Rc1 Rd6 37. Bf3 Be8 38. Kc3 e5 39. dxe5+ Kxe5 40. Kb4 Rd2 41. Bxc6 Bxc6 42. Rxc6 Rb2+ 43. Kc5 Rxf2 44. Kb6 b4 45. Kxa6 b3 46. Rb6 Ra2 47. Rxb3 Ra8+ 48. Kb7 R2xa5 49. Rb5+ Rxb5+ 50. Kxa8 Rd5 51. h7 Rd8+ 52. Kb7 Rh8 53. Kc7 Kf6 54. Kd7 Kg5 55. Rh1 Kf6 56. Rh2 Kf7 57. Kd6 Kf6 58. Kd5 Rd8+ 59. Kc4 Kg7 1/2-1/2

[Event "SERBIA OPEN 2023 - MASTERS"]
[Site "Belgrade,Metropol Palace hotel"]
[Date "2023.07.20"]
[Round "5.31"]
[White "Aakash Sharadchandra, Dalvi"]
[Black "Jocev, Milan"]
[Result "1/2-1/2"]
[WhiteElo "2210"]
[BlackElo "2321"]
[PlyCount "77"]
[EventDate "2023.07.16"]

1. d4 Nf6 2. c4 e6 3. Nf3 d5 4. Nc3 c5 5. cxd5 exd5 6. Bg5 Be6 7. e4 Be7 8. Bb5+ Nc6 9. exd5 Nxd5 10. Bxe7 Qxe7 11. O-O O-O 12. Re1 Nxc3 13. bxc3 Qd6 14. Ng5 Bf5 15. Qf3 Bg6 16. d5 Ne7 17. Rad1 Rad8 18. Bd3 Rd7 19. Qh3 h6 20. Bxg6 Nxg6 21. Ne4 Qc7 22. Nxc5 Rdd8 23. Qe3 b6 24. Ne4 Rfe8 25. d6 Qc6 26. Qf3 Kh8 27. h3 Ne5 28. Qf4 Qc4 29. Rd4 Qxa2 30. Red1 Qe6 31. Ng3 a5 32. Rd5 Nd7 33. Nh5 Qg6 34. R1d3 Re4 35. Qd2 Ne5 36. Ng3 Nxd3 37. Nxe4 Qxe4 38. Rxd3 a4 39. Rd4 1/2-1/2

[Event "SERBIA OPEN 2023 - MASTERS"]
[Site "Belgrade,Metropol Palace hotel"]
[Date "2023.07.20"]
[Round "5.32"]
[White "Paszewski, Mateusz"]
[Black "Beukes, Dante M"]
[Result "1-0"]
[WhiteElo "2316"]
[BlackElo "2180"]
[PlyCount "87"]
[EventDate "2023.07.16"]

1. e4 c5 2. Nf3 d6 3. d4 cxd4 4. Nxd4 Nf6 5. Nc3 a6 6. Bc4 e6 7. Be3 b5 8. Bb3 Be7 9. Qf3 Qc7 10. g4 b4 11. Nce2 Nbd7 12. g5 Ne5 13. Qg2 Nfd7 14. O-O-O Nc4 15. g6 hxg6 16. Nxe6 fxe6 17. Qxg6+ Kf8 18. Nf4 Nf6 19. Qg2 Rg8 20. e5 dxe5 21. Ng6+ Ke8 22. Qxa8 Kf7 23. Rhg1 Nxe3 24. fxe3 Bc5 25. Qf3 e4 26. Qh3 a5 27. Kb1 Bd6 28. Rd2 Qc6 29. Qf5 a4 30. Qe5 axb3 31. Qxd6 bxa2+ 32. Kxa2 Qxd6 33. Rxd6 Nd5 34. Rg3 Nxe3 35. Rxe3 Kxg6 36. Rxe4 Kf5 37. Rh4 e5 38. Rd2 e4 39. Rf2+ Ke5 40. Re2 Be6+ 41. b3 Bd5 42. Rh5+ Ke6 43. c4 Ba8 44. Ra5 1-0

[Event "SERBIA OPEN 2023 - MASTERS"]
[Site "Belgrade,Metropol Palace hotel"]
[Date "2023.07.20"]
[Round "5.33"]
[White "Hercegovac, Neven"]
[Black "Todorovic, Goran M"]
[Result "1/2-1/2"]
[WhiteElo "2173"]
[BlackElo "2333"]
[PlyCount "102"]
[EventDate "2023.07.16"]

1. e4 c5 2. Nf3 d6 3. d4 Nf6 4. Nc3 cxd4 5. Nxd4 Nc6 6. Bg5 e6 7. Qd2 a6 8. O-O-O Bd7 9. f4 b5 10. Bxf6 gxf6 11. Kb1 Qb6 12. Nxc6 Bxc6 13. f5 O-O-O 14. fxe6 fxe6 15. Bd3 Kb8 16. Rhf1 Bg7 17. Ne2 Qc5 18. Nf4 Bd7 19. Be2 Bc8 20. Nh5 Rhg8 21. g3 Qe5 22. Nxg7 Rxg7 23. Bd3 Bb7 24. Rf4 Rg6 25. Qf2 Qc5 26. Rxf6 Qxf2 27. Rxf2 Rg4 28. Rf4 Rdg8 29. Rf6 Re8 30. Re1 h5 31. Rh6 Rg5 32. Rf6 Rg4 33. Rf4 Reg8 34. Rxg4 Rxg4 35. Kc1 h4 36. Re3 Kc7 37. Kd2 hxg3 38. hxg3 Kd7 39. Ke2 Ke7 40. Kf3 Rg7 41. g4 Kf6 42. Kg3 Ke5 43. c3 Bc6 44. Re1 Be8 45. Be2 Bg6 46. Bf3 Rc7 47. g5 Rf7 48. Re2 Rg7 49. Kg4 Rf7 50. Kg3 Rg7 51. Kg4 Rf7 1/2-1/2

[Event "SERBIA OPEN 2023 - MASTERS"]
[Site "Belgrade,Metropol Palace hotel"]
[Date "2023.07.20"]
[Round "5.34"]
[White "Djokic, Mihailo"]
[Black "Shahil, Dey"]
[Result "1/2-1/2"]
[WhiteElo "2146"]
[BlackElo "2333"]
[PlyCount "173"]
[EventDate "2023.07.16"]

1. e4 c5 2. Nf3 e6 3. d4 cxd4 4. Nxd4 a6 5. Be2 Nf6 6. Nc3 d6 7. g4 h6 8. Be3 b5 9. Bf3 Nfd7 10. a4 b4 11. Na2 Bb7 12. Nxb4 d5 13. exd5 Bxb4+ 14. c3 e5 15. Nc6 Bxc3+ 16. bxc3 Qc7 17. Nxb8 Rxb8 18. Qd3 O-O 19. O-O Nf6 20. c4 Rfe8 21. Be2 e4 22. Qd4 Kh7 23. f4 Qd7 24. f5 Qe7 25. a5 Ba8 26. d6 Qd7 27. Rfb1 h5 28. h3 hxg4 29. hxg4 Rbd8 30. Rb6 Qc8 31. c5 Bc6 32. Bxa6 Qd7 33. Be2 Nd5 34. Rb3 Rb8 35. Rab1 Rxb3 36. Rxb3 Qd8 37. a6 Rh8 38. Bc4 Nxe3 39. Qxe3 g6 40. Qf4 Kg7 41. fxg6 f6 42. g5 Rf8 43. Qh4 Kxg6 44. gxf6 Qxf6 45. Rg3+ Kf5 46. Qh5+ Kf4 47. Qg4+ Ke5 48. Qg7 Kd4 49. Be6 Kxc5 50. Qxf6 Rxf6 51. d7 Bxd7 52. Bxd7 Rxa6 53. Bf5 Kd4 54. Rg4 Ke5 55. Bg6 Ra4 56. Kg2 Rb4 57. Kg3 Rd4 58. Rh4 Rd3+ 59. Kf2 Rf3+ 60. Ke2 Rf4 61. Rh5+ Kd4 62. Rh8 Rg4 63. Rd8+ Ke5 64. Re8+ Kd4 65. Bf5 Rh4 66. Ra8 Rh2+ 67. Ke1 Ke3 68. Ra3+ Kf4 69. Bg6 Rh6 70. Be8 Rh1+ 71. Kf2 e3+ 72. Ke2 Rh2+ 73. Kd3 Rd2+ 74. Kc3 Rd8 75. Bh5 Kg3 76. Ra7 Rd5 77. Be2 Kf2 78. Bc4 Rc5 79. Rf7+ Kg2 80. Rf4 Re5 81. Be2 Re7 82. Kd3 Kg3 83. Rf3+ Kg2 84. Rf5 Kg3 85. Rf3+ Kg2 86. Rf6 Kg3 87. Rf3+ 1/2-1/2

[Event "SERBIA OPEN 2023 - MASTERS"]
[Site "Belgrade,Metropol Palace hotel"]
[Date "2023.07.20"]
[Round "5.35"]
[White "Gkavardinas, Antonios"]
[Black "Stefanou, Dimitrios"]
[Result "0-1"]
[WhiteElo "2146"]
[BlackElo "2327"]
[PlyCount "96"]
[EventDate "2023.07.16"]

1. e4 e5 2. Nf3 Nc6 3. Bc4 Nf6 4. d3 Bc5 5. O-O d6 6. c3 a6 7. a4 Ba7 8. Nbd2 h6 9. Re1 g5 10. b4 Nh7 11. Nf1 g4 12. N3d2 Qf6 13. Ne3 Bxe3 14. fxe3 Nd8 15. Nf1 h5 16. Ng3 Qg6 17. Rf1 Be6 18. Bb3 h4 19. Nf5 Ng5 20. c4 Bxf5 21. Rxf5 Nge6 22. Ra2 Nc6 23. Bd2 a5 24. b5 Ne7 25. Rf1 b6 26. Bc3 O-O-O 27. Qe1 Rdf8 28. Raf2 f6 29. d4 g3 30. Rf3 gxh2+ 31. Kxh2 Ng5 32. c5 Nxf3+ 33. gxf3 Qg3+ 34. Qxg3 hxg3+ 35. Kxg3 d5 36. Kf2 dxe4 37. fxe4 f5 38. Be6+ Kb8 39. Ke2 fxe4 40. Rxf8+ Rxf8 41. cxb6 cxb6 42. dxe5 Rh8 43. Bd4 Rh2+ 44. Kd1 Kc7 45. Bb3 Nf5 46. Kc1 Nxd4 47. exd4 e3 48. d5 Rh1+ 0-1

[Event "SERBIA OPEN 2023 - MASTERS"]
[Site "Belgrade,Metropol Palace hotel"]
[Date "2023.07.20"]
[Round "5.36"]
[White "Granovskiy, Alexandr"]
[Black "Wen, Teddie"]
[Result "1/2-1/2"]
[WhiteElo "2143"]
[BlackElo "2306"]
[PlyCount "74"]
[EventDate "2023.07.16"]

1. d4 Nf6 2. c4 g6 3. h4 Bg7 4. Nc3 d6 5. e4 Nc6 6. Be2 e5 7. dxe5 dxe5 8. Qxd8+ Nxd8 9. h5 c6 10. Be3 Bg4 11. f3 Bc8 12. g4 Ne6 13. hxg6 hxg6 14. Rxh8+ Bxh8 15. Bd1 Nd4 16. Nce2 Nd7 17. Kd2 Nc5 18. Nxd4 exd4 19. Bf2 Be6 20. Rc1 Bg7 21. Nh3 O-O-O 22. Be2 b6 23. b3 Rh8 24. Rh1 Na6 25. Bd3 Be5 26. Be1 Bf4+ 27. Ke2 c5 28. Nf2 Rxh1 29. Nxh1 Bc1 30. Bc2 Be3 31. Nf2 Bxf2 32. Kxf2 Nc7 33. Bd3 a6 34. e5 b5 35. Ba5 bxc4 36. bxc4 Na8 37. Kg3 f5 1/2-1/2

[Event "SERBIA OPEN 2023 - MASTERS"]
[Site "Belgrade,Metropol Palace hotel"]
[Date "2023.07.20"]
[Round "5.37"]
[White "Serikbay, Assel"]
[Black "Petrovic, Aleksa"]
[Result "1/2-1/2"]
[WhiteElo "2139"]
[BlackElo "2311"]
[PlyCount "60"]
[EventDate "2023.07.16"]

1. e4 g6 2. d4 Bg7 3. Nc3 a6 4. a4 d6 5. Be3 b6 6. f4 Bb7 7. Be2 Nd7 8. Bf3 e5 9. Nge2 Ngf6 10. O-O O-O 11. g4 exd4 12. Bxd4 Nc5 13. Ng3 Ne6 14. Be3 Nd7 15. Qd2 Re8 16. Rad1 Ndf8 17. Nd5 Bxd5 18. Qxd5 Qh4 19. Qd2 Qe7 20. b4 Rab8 21. Be2 b5 22. axb5 axb5 23. c4 bxc4 24. Bxc4 Nd8 25. f5 Nd7 26. fxg6 hxg6 27. Bg5 Nf6 28. Rde1 Qe5 29. Bf4 Qe7 30. Bg5 Nc6 1/2-1/2

[Event "SERBIA OPEN 2023 - MASTERS"]
[Site "Belgrade,Metropol Palace hotel"]
[Date "2023.07.20"]
[Round "5.38"]
[White "Mushini, Ajay"]
[Black "Pevzner, Maks"]
[Result "1-0"]
[WhiteElo "2306"]
[BlackElo "2139"]
[PlyCount "55"]
[EventDate "2023.07.16"]

1. e4 c5 2. Nf3 d6 3. d4 cxd4 4. Nxd4 Nf6 5. Nc3 a6 6. Be3 e5 7. Nb3 Be7 8. h3 O-O 9. g4 h6 10. Qd2 b5 11. O-O-O Bb7 12. f3 b4 13. Na4 d5 14. Bc5 Nbd7 15. Bxe7 Qxe7 16. Na5 Rfb8 17. Nxb7 Rxb7 18. exd5 Rb5 19. Bc4 Qd6 20. b3 Rc8 21. g5 hxg5 22. Qxg5 Rxc4 23. bxc4 Ra5 24. Rhg1 g6 25. c5 Nxc5 26. Nxc5 Qxc5 27. Qxf6 Rxa2 28. Qc6 1-0

[Event "SERBIA OPEN 2023 - MASTERS"]
[Site "Belgrade,Metropol Palace hotel"]
[Date "2023.07.20"]
[Round "5.39"]
[White "Klek, Hanna Marie"]
[Black "Andrijevic, Milan"]
[Result "1-0"]
[WhiteElo "2301"]
[BlackElo "2125"]
[PlyCount "69"]
[EventDate "2023.07.16"]

1. e4 c5 2. Nf3 a6 3. c3 d5 4. exd5 Qxd5 5. d4 e6 6. Bd3 cxd4 7. cxd4 Nf6 8. Nc3 Qd6 9. O-O Nc6 10. Re1 Be7 11. Ne2 O-O 12. Bf4 Qd8 13. Rc1 Nb4 14. Bb1 Nbd5 15. Bg5 h6 16. Bh4 Bd7 17. Ne5 Rc8 18. Nc3 Be8 19. Qd3 g6 20. Nxd5 Nxd5 21. Rxc8 Qxc8 22. Bxe7 Nxe7 23. Ng4 Kh7 24. Qa3 Qd8 25. d5 f5 26. Rxe6 fxg4 27. Qxe7+ Qxe7 28. Rxe7+ Kg8 29. Be4 Bf7 30. Rxb7 Kg7 31. Kf1 Rd8 32. Ke2 Kf6 33. Ke3 Bxd5 34. Bxd5 Rxd5 35. Rb6+ 1-0

[Event "SERBIA OPEN 2023 - MASTERS"]
[Site "Belgrade,Metropol Palace hotel"]
[Date "2023.07.20"]
[Round "5.40"]
[White "Androutsopoulos-Agiotatos, Vasil"]
[Black "Saravanan, V.."]
[Result "1/2-1/2"]
[WhiteElo "2121"]
[BlackElo "2298"]
[PlyCount "57"]
[EventDate "2023.07.16"]

1. e4 e5 2. Nf3 Nc6 3. Nc3 Nf6 4. Bb5 Bb4 5. O-O O-O 6. d3 d6 7. Ne2 Bg4 8. c3 Bxf3 9. gxf3 Bc5 10. Ng3 Ne7 11. f4 exf4 12. Bxf4 Ng6 13. Bd2 c6 14. Ba4 Qd7 15. d4 Qh3 16. f3 Bb6 17. Kh1 Rae8 18. Rg1 d5 19. e5 Nd7 20. Qf1 Qxf1 21. Raxf1 f6 22. f4 fxe5 23. fxe5 Rxf1 24. Rxf1 Ne7 25. h4 Rf8 26. Kg2 Rxf1 27. Kxf1 Kf7 28. Ke2 Nf8 29. Be3 1/2-1/2

[Event "SERBIA OPEN 2023 - MASTERS"]
[Site "Belgrade,Metropol Palace hotel"]
[Date "2023.07.20"]
[Round "5.41"]
[White "Jin, Yueheng"]
[Black "Ivanov, Mikhail M"]
[Result "1/2-1/2"]
[WhiteElo "2113"]
[BlackElo "2275"]
[PlyCount "99"]
[EventDate "2023.07.16"]

1. d4 g6 2. Nf3 d6 3. e4 Nf6 4. Bd3 Bg7 5. O-O O-O 6. c3 Nc6 7. Re1 e5 8. h3 Nh5 9. Be3 h6 10. Na3 a6 11. Nc2 Qf6 12. a4 Nf4 13. dxe5 Nxe5 14. Nxe5 dxe5 15. Bxf4 exf4 16. Qf3 Qe5 17. a5 Bd7 18. Nb4 Rad8 19. Nd5 g5 20. Bc4 Rfe8 21. Nb4 Qc5 22. Bd5 c6 23. Bb3 Be6 24. Bxe6 Rxe6 25. Re2 Qc4 26. Rae1 Re5 27. Nc2 c5 28. Na3 Qb3 29. Qg4 Qa4 30. Nb1 Qxa5 31. Nd2 Qb5 32. Qh5 Qxb2 33. Nc4 Qxc3 34. Nxe5 Qxe5 35. Rc2 b5 36. Rd1 Rxd1+ 37. Qxd1 c4 38. Qd8+ Kh7 39. Qd5 c3 40. Qxf7 Qxe4 41. Qb3 f3 42. gxf3 Qxf3 43. Ra2 Qe4 44. Kf1 b4 45. Kg1 a5 46. Rxa5 c2 47. Rc5 Qe1+ 48. Kg2 Qe4+ 49. Kg1 Qe1+ 50. Kg2 1/2-1/2

[Event "SERBIA OPEN 2023 - MASTERS"]
[Site "Belgrade,Metropol Palace hotel"]
[Date "2023.07.20"]
[Round "5.42"]
[White "Herrera, Juan Sebastian"]
[Black "Rohit, S.."]
[Result "0-1"]
[WhiteElo "2277"]
[BlackElo "2109"]
[PlyCount "122"]
[EventDate "2023.07.16"]

1. d4 Nf6 2. c4 e6 3. Nc3 Bb4 4. f3 c5 5. d5 b5 6. e4 d6 7. Nge2 bxc4 8. Nf4 e5 9. Nfe2 Nbd7 10. Ng3 Nb6 11. Be2 Ng8 12. O-O Ne7 13. Na4 Bd7 14. Nxb6 axb6 15. Bxc4 b5 16. Bd3 c4 17. Bc2 Bc5+ 18. Kh1 b4 19. Bg5 h6 20. Bd2 g5 21. Re1 Qb6 22. Nf1 Bd4 23. Be3 Ng6 24. Qe2 Qc7 25. Reb1 Ra6 26. Qf2 Qa7 27. b3 c3 28. Bxd4 exd4 29. Rd1 Rxa2 30. Rxa2 Qxa2 31. Rxd4 Qa7 32. Qg1 Qa3 33. Ne3 Ke7 34. h4 Ra8 35. Qe1 Qb2 36. Kh2 Ra1 37. Qf2 Rc1 38. hxg5 hxg5 39. Rd1 Rxd1 40. Nxd1 Qc1 41. g3 Ne5 42. Ne3 g4 43. f4 Nf3+ 44. Kg2 Ne1+ 45. Kh2 Nxc2 46. Nxc2 Qd2 47. Kg1 Bb5 48. e5 Qd1+ 49. Kh2 Qxd5 50. Nxb4 Qd2 51. exd6+ Kxd6 52. Kg1 Qc1+ 53. Kh2 Qd2 54. Kg1 Qxf2+ 55. Kxf2 Kc5 56. Na2 Kd4 57. Nb4 Ke4 58. f5 Bd7 59. f6 Be6 60. Na2 Kd3 61. Nc1+ Kd2 0-1

[Event "SERBIA OPEN 2023 - MASTERS"]
[Site "Belgrade,Metropol Palace hotel"]
[Date "2023.07.20"]
[Round "5.43"]
[White "Simonovic, Miroslav"]
[Black "Zlatkov, Anton"]
[Result "1/2-1/2"]
[WhiteElo "2082"]
[BlackElo "2232"]
[PlyCount "156"]
[EventDate "2023.07.16"]

1. d4 Nf6 2. Bg5 Ne4 3. Bf4 c5 4. d5 e6 5. f3 Qa5+ 6. c3 Nf6 7. e4 exd5 8. exd5 Qb6 9. Qe2+ Kd8 10. Qd2 Bd6 11. Bg5 Re8+ 12. Be2 Be7 13. Na3 d6 14. Nc4 Qc7 15. a4 Bf5 16. h4 h5 17. Ne3 Bh7 18. Nh3 Nbd7 19. Nf4 Ne5 20. Bxf6 Bxf6 21. Nxh5 Qe7 22. Kf2 Kc7 23. g3 Rh8 24. b4 cxb4 25. cxb4 Rae8 26. Rac1+ Kb8 27. a5 Bd3 28. Nxf6 Qxf6 29. f4 Be4 30. Ng2 g5 31. hxg5 Nd3+ 32. Bxd3 Qd4+ 33. Qe3 Qxe3+ 34. Nxe3 Bxh1 35. Ng2 Rh2 36. Bf1 Bxg2 37. Bxg2 Rc8 38. Rxc8+ Kxc8 39. b5 Kd8 40. g4 Ke7 41. Kf3 Rh8 42. Bf1 Rc8 43. Bd3 Rc3 44. Ke4 Ra3 45. a6 Ra4+ 46. Kf5 bxa6 47. bxa6 Rd4 48. Be4 Kf8 49. Bf3 Kg7 50. Be4 Rd2 51. g6 fxg6+ 52. Kg5 Rd4 53. Bf3 Ra4 54. Be2 Ra5 55. Bc4 Rc5 56. Ba2 Rc1 57. Bb3 Rc3 58. Ba2 Ra3 59. Bc4 Ra5 60. f5 gxf5 61. Kxf5 Ra4 62. Be2 Rd4 63. Bf3 Rd3 64. Bg2 Re3 65. g5 Re5+ 66. Kf4 Kg6 67. Be4+ Rxe4+ 68. Kxe4 Kxg5 69. Kd4 Kf5 70. Kc4 Ke5 71. Kb4 Kxd5 72. Kb5 Ke6 73. Kc6 d5 74. Kb7 d4 75. Kxa7 d3 76. Kb8 d2 77. a7 d1=Q 78. a8=Q Qd6+ 1/2-1/2

[Event "SERBIA OPEN 2023 - MASTERS"]
[Site "Belgrade,Metropol Palace hotel"]
[Date "2023.07.20"]
[Round "5.44"]
[White "Gregoric, Andraz"]
[Black "Morvekar, Kedar"]
[Result "0-1"]
[WhiteElo "2276"]
[BlackElo "2049"]
[PlyCount "126"]
[EventDate "2023.07.16"]

1. e4 c5 2. Nf3 d6 3. Bb5+ Bd7 4. a4 Nc6 5. O-O e6 6. Re1 Be7 7. b3 Nf6 8. Bb2 O-O 9. e5 dxe5 10. Nxe5 Nxe5 11. Bxe5 a6 12. Be2 Bc6 13. Bf3 Rc8 14. a5 Nd7 15. Bc3 Bf6 16. d3 Nb8 17. Be4 Bxe4 18. Rxe4 Nc6 19. Qd2 Bxc3 20. Qxc3 Nd4 21. Nd2 Qf6 22. Kf1 Nxb3 23. Qxf6 Nxd2+ 24. Ke2 gxf6 25. Kxd2 f5 26. Rc4 Rfd8 27. Rb1 Rc7 28. Kc3 Rd4 29. Rb6 Rxc4+ 30. Kxc4 f4 31. Rd6 Kg7 32. Rd8 Kf6 33. Rg8 h6 34. h4 Kf5 35. g3 fxg3 36. fxg3 Rc6 37. c3 Rc7 38. h5 e5 39. Rg7 Kf6 40. Rg8 Kf5 41. Rg7 Kf6 42. Rg8 Kf5 43. g4+ Kf4 44. Rg7 Rd7 45. g5 hxg5 46. h6 Rd6 47. Rxf7+ Ke3 48. Rf5 Rxh6 49. Rxe5+ Kf4 50. Re7 g4 51. Rf7+ Kg5 52. Rxb7 g3 53. Rb1 Kf4 54. Kxc5 g2 55. Rg1 Kf3 56. d4 Kf2 57. Rb1 g1=Q 58. Rxg1 Kxg1 59. d5 Kf2 60. d6 Ke3 61. d7 Rh8 62. c4 Kd3 63. Kd5 Rd8 0-1

[Event "SERBIA OPEN 2023 - MASTERS"]
[Site "Belgrade,Metropol Palace hotel"]
[Date "2023.07.20"]
[Round "5.45"]
[White "Ronka, Erik"]
[Black "Kuru, Atilla"]
[Result "0-1"]
[WhiteElo "2294"]
[BlackElo "2030"]
[PlyCount "90"]
[EventDate "2023.07.16"]

1. e4 e6 2. d4 d5 3. Nc3 Bb4 4. e5 c5 5. a3 Bxc3+ 6. bxc3 Qa5 7. Bd2 Qa4 8. Qg4 Kf8 9. Qd1 Nc6 10. Nf3 c4 11. Be2 h6 12. O-O Nge7 13. Nh4 Nf5 14. Nf3 Bd7 15. Ne1 f6 16. exf6 gxf6 17. Bf4 Ke7 18. Qd2 h5 19. g3 Be8 20. Ng2 Bg6 21. Rfe1 Kd7 22. h3 Rae8 23. Bf3 Qa5 24. Re2 Nfxd4 25. cxd4 Qxd2 26. Rxd2 c3 27. Rdd1 Bxc2 28. Rdc1 Nxd4 29. Ne1 e5 30. Nxc2 Nxf3+ 31. Kg2 Ng5 32. Bxg5 fxg5 33. Kf3 Rhf8+ 34. Ke2 d4 35. Rab1 b6 36. Rf1 Kd6 37. f3 Kc5 38. a4 a6 39. g4 hxg4 40. hxg4 b5 41. Rb4 Rd8 42. Rd1 Rh8 43. Rbb1 Rh2+ 44. Kd3 Rf8 45. Ne1 Kd5 0-1